Countries With Multiple R’s - Statistics

General Stats
  • This quiz has been taken 31 times
  • The average score is 5 of 8
Answer Stats
Country % Correct
Democratic Republic of the Congo
80%
Central African Republic
68%
North Korea
64%
United Arab Emirates
64%
Federated States of Micronesia
60%
Andorra
48%
Eritrea
48%
Sierra Leone
36%
No matching quizzes found
Score Distribution
Percent of People with Each Score
Percentile by Number Answered
Your Score History
You have not taken this quiz